| 000 | 00570nam a2200193Ia 4500 | ||
|---|---|---|---|
| 003 | GCL | ||
| 008 | 140319s9999 xx 000 0 ara d | ||
| 040 |
_aGCL / _cGCL |
||
| 082 | 0 | 4 |
_a928.1 _bم م |
| 100 | 1 | _aمحمد حسين هيكل | |
| 245 | 1 | 0 |
_aمذكرات الشباب / _cمحمد حسين هيكل |
| 300 | _a357 ص | ||
| 490 |
_aالهيئة العامة للاستعلامات _v0 |
||
| 650 | 0 | 4 | _aالتراجم |
| 650 | 0 | 4 | _aالادباء العرب |
| 650 | 0 | 4 | _aمحمد حسين هيكل |
| 650 | 0 | 4 | _aالرجال - تراجم |
| 942 |
_2ddc _cBK |
||
| 999 |
_c50147 _d50147 |
||